000 00866nmm a2200265 a 4500
001 ocm000656078
003 TR-IsHL
005 20201028141407.0
008 131226s2000 tu tur
007 cr cn
020 _a9789758257539
035 _a656078
_b(N$T)
050 0 4 _aPL248.K39
_bK3 2000
090 0 4 _aPL248.K39
_bK3 2000
100 1 _aKazcı, Mehmet Emin
245 1 0 _aKafka'dan Yufka'ya
_h[electronic resource] /
_cMehmet Emin Kazcı
260 _aİstanbul :
_bBirey Yayıncılık,
_c2000
300 _a192 p.
650 4 _aPolitika ve Uluslararası İlişkiler
650 4 _aPolitics and International Relations
650 0 _aTürk romanı
650 0 _aTurkish fiction
650 7 _aLITERARY COLLECTIONS / Middle Eastern
_2bisacsh
856 4 0 _uhttp://search.ebscohost.com/login.aspx?direct=true&scope=site&db=e011xww&AN=656078
999 _c7794
_d7794